Thiết kế hệ thống kế toán môi trường cho doanh nghiệp chế biến và hộ nuôi trồng thủy sản ở Cần Thơ : Đề tài nghên cứu khoa học và công nghệ cấp trường
Đề tài phân tích thực trạng môi trường tại các hộ nuôi trồng theo dạng công nghiệp và các doanh nghiệp chế biến thủy sản để nắm được mức độ đầu tư chi phí và các lợi ích đạt được, từ đó thiết kế hệ thống các khỏan mục doanh thu...
Gardado en:
| Autor Principal: | |
|---|---|
| Formato: | Libro |
| Idioma: | Undetermined |
| Publicado: |
Cần Thơ
Trường Đại học Cần Thơ
2008
|
| Những chủ đề: | |
| Các nhãn: |
Engadir etiqueta
Sen Etiquetas, Sexa o primeiro en etiquetar este rexistro!
|
| Thư viện lưu trữ: | Trung tâm Học liệu Trường Đại học Cần Thơ |
|---|
| LEADER | 01576nam a2200229Ia 4500 | ||
|---|---|---|---|
| 001 | CTU_165167 | ||
| 008 | 210402s9999 xx 000 0 und d | ||
| 082 | |a 657.1 | ||
| 082 | |b H561 | ||
| 088 | |a 12/NPT-B2007 | ||
| 100 | |a Lê, Phước Hương | ||
| 245 | 0 | |a Thiết kế hệ thống kế toán môi trường cho doanh nghiệp chế biến và hộ nuôi trồng thủy sản ở Cần Thơ : | |
| 245 | 0 | |b Đề tài nghên cứu khoa học và công nghệ cấp trường | |
| 245 | 0 | |c Lê Phước Hương | |
| 260 | |a Cần Thơ | ||
| 260 | |b Trường Đại học Cần Thơ | ||
| 260 | |c 2008 | ||
| 520 | |a Đề tài phân tích thực trạng môi trường tại các hộ nuôi trồng theo dạng công nghiệp và các doanh nghiệp chế biến thủy sản để nắm được mức độ đầu tư chi phí và các lợi ích đạt được, từ đó thiết kế hệ thống các khỏan mục doanh thu và chi phí liên quan đến môi trường cho phù hợp với lãnh vực nuôi trồng và chế biến thủy sản ở Cần Thơ nhằm phục vụ cho việc xác định đúng lợi nhuận, cung cấp thông tin cho các quyết định dài hạn. | ||
| 650 | |a Environmental economics,Accounting,Kinh tế môi trường,Kế toán | ||
| 904 | |i Năm | ||
| 915 | |a KT | ||
| 980 | |a Trung tâm Học liệu Trường Đại học Cần Thơ | ||